Lịch sử thế giới hiện đại; T1 Từ năm 1917 đến 1945
Đã lưu trong:
| 主要作者: | |
|---|---|
| 格式: | 图书 |
| 语言: | Undetermined |
| 出版: |
Hà Nội
Giáo dục
1995
|
| 主题: | |
| 标签: |
添加标签
没有标签, 成为第一个标记此记录!
|
| Thư viện lưu trữ: | Trung tâm Học liệu Trường Đại học Cần Thơ |
|---|
| LEADER | 00636nam a2200181Ia 4500 | ||
|---|---|---|---|
| 001 | CTU_46438 | ||
| 008 | 210402s9999 xx 000 0 und d | ||
| 082 | |a 940.55 | ||
| 082 | |b Th103/T1/1995 | ||
| 100 | |a Nguyễn Anh Thái | ||
| 245 | 0 | |a Lịch sử thế giới hiện đại; T1 | |
| 245 | 0 | |b Từ năm 1917 đến 1945 | |
| 245 | 0 | |c Nguyễn Anh Thái, Trần Thị Vinh, Vũ Ngọc Oanh, Đặng Thanh Toán, Đỗ Thanh Bình | |
| 260 | |a Hà Nội | ||
| 260 | |b Giáo dục | ||
| 260 | |c 1995 | ||
| 650 | |a world history - 1917 - 1945 | ||
| 980 | |a Trung tâm Học liệu Trường Đại học Cần Thơ | ||